| 000 | 00963nam a22002417a 4500 | ||
|---|---|---|---|
| 001 | 5628 | ||
| 003 | FISKH | ||
| 005 | 20250108094012.0 | ||
| 008 | 250108b cb ||||| |||| 00| 0 eng d | ||
| 020 | _a9781407111957 | ||
| 040 |
_aFISKH _beng _cFISKH _dFISKH |
||
| 082 | _a809 | ||
| 100 | _aBrown, Toby | ||
| 245 |
_aSpartacus and his glorious gladiators / _cby Toby Brown |
||
| 260 |
_aNew York : _bScholastic ; _c2004. |
||
| 300 |
_a175 pages : _billustrations ; _c21 cm . |
||
| 490 | _aHorribly Famous | ||
| 520 | _aYou've probably heard of Spartacus... He is dead famous for: being quite a good gladiator; giving the Romans the run-around; and, looking an awful lot like Kirk Douglas. But have you heard that Spartacus: fought for the Romans as well as against them. This title presents the inside story in Spartacus' secret diary. | ||
| 650 |
_aSpartacus _vfiction |
||
| 700 |
_aGoddard, Clive _eillustrator |
||
| 942 |
_2ddc _cBK _n0 |
||
| 999 |
_c5628 _d5628 |
||